Skyline Silhouet van Steden Quiz - Statistieken

Algemene statistieken
  • Deze quiz is 1.131 keer genomen
  • De gemiddelde score is 5 van 10
Antwoorden op de kaart
Antwoorden kleurgecodeerd door een groen-rode schaal op de quizkaart volgens % correct hieronder.
 
Antwoordstatistieken
Antwoord % Correct
Parijs
95%
Dubai
66%
New York City
66%
Barcelona
45%
Kuala Lumpur
44%
Sydney
44%
Seattle
37%
Shanghai
33%
Toronto
30%
Johannesburg
17%
Geen overeenkomende quizzen gevonden
Scoreverdeling
Procent van Mensen met Elke Score
Percentiel versus Aantal Correcte Antwoorden
Uw Scoregeschiedenis
U heeft deze quiz nog niet genomen